[Event "San Antonio del Tachira op"]
[Site "San Antonio del Tachira"]
[Date "2013.12.21"]
[Round "4"]
[White "Martinez, Randall"]
[Black "Jaimes, Fredy Alexander"]
[Result "1/2-1/2"]
[WhiteElo "1829"]
[BlackElo "1822"]
[PlyCount "69"]
[EventDate "2013.12.19"]
[EventType "swiss"]
[EventRounds "7"]
[EventCountry "VEN"]
[SourceTitle "CBM 158 Extra"]
[Source "ChessBase"]
[SourceDate "2014.02.28"]
[SourceVersion "1"]
[SourceVersionDate "2014.02.28"]
[SourceQuality "1"]

1. d4 d5 2. Nf3 Nf6 3. e3 Bf5 4. c4 c6 5. Qb3 Qc7 6. Nc3 e6 7. Bd2 Nbd7 8. h3 h6 9. Be2 Be7 10. Rc1 Qb6 11. 0-0 0-0 12. Na4 Qxb3 13. axb3 Rfc8 14. Rfd1 c5 15. cxd5 Nxd5 16. dxc5 Nxc5 17. Nd4 Bh7 18. Be1 Nxa4 19. bxa4 Bc5 20. Bf3 Bxd4 21. exd4 Bc2 22. Rd2 Bxa4 23. Ra1 Bd7 24. Bxd5 exd5 25. Rd3 Rc2 26. Bc3 a5 27. Rd2 Rxd2 28. Bxd2 b6 29. Rc1 Rc8 30. Rxc8+ Bxc8 31. Bf4 b5 32. Bc7 a4 33. Bd6 g5 34. g4 f5 35. f3 1/2-1/2

[Event "Panama op 3rd"]
[Site "Panama City"]
[Date "2013.11.02"]
[Round "3"]
[White "Chinchilla Miranda, Eugenio"]
[Black "Martinez, Randall"]
[Result "0-1"]
[WhiteElo "2191"]
[BlackElo "1829"]
[PlyCount "76"]
[EventDate "2013.10.30"]
[EventType "swiss"]
[EventRounds "9"]
[EventCountry "PAN"]
[SourceTitle "EXT 2014"]
[Source "ChessBase"]
[SourceDate "2013.11.20"]
[SourceVersion "1"]
[SourceVersionDate "2013.11.20"]
[SourceQuality "1"]

1. d4 d5 2. c4 c6 3. Nf3 Nf6 4. Qc2 g6 5. Bf4 Bf5 6. Qb3 Qb6 7. e3 Qxb3 8. axb3 Bxb1 9. Rxb1 e6 10. c5 Nbd7 11. h3 Bg7 12. b4 a6 13. Bd3 0-0 14. 0-0 Rfe8 15. g4 h6 16. Rfe1 Nh7 17. h4 Nhf6 18. g5 hxg5 19. hxg5 Nh5 20. Bh2 e5 21. Nxe5 Nxe5 22. Bxe5 Bxe5 23. dxe5 Rxe5 24. f4 Re7 25. Kf2 Rae8 26. Kf3 Ng7 27. Re2 Nf5 28. Rbe1 Kg7 29. Bxf5 gxf5 30. Rd1 Rh8 31. Kg3 Ree8 32. Rdd2 Rh1 33. Kg2 Reh8 34. Kg3 R8h3+ 35. Kg2 Kg6 36. Kf2 Kh5 37. e4 fxe4 38. Rc2 Kg4 0-1